| 000 | 01469cam a2200229 4500 | ||
|---|---|---|---|
| 001 | L136712 | ||
| 008 | 070219n2007 000 0 eng u | ||
| 035 | _a(Sirsi) u136712 | ||
| 041 | 0 | _aeng | |
| 050 | _a711.7 $2 18 | ||
| 110 | 2 |
_aUnited Kingdom _bDepartment for Transport _94866 |
|
| 245 |
_aTransport trends _b2006 edition _h[electronic resource] |
||
| 250 | _a9th ed. | ||
| 260 |
_aLondon _bTSO _c2007 |
||
| 505 | 2 | _aRoads, vehicles and congestion -- Personal travel by mode -- Public transport -- Variation in personal travel and access to services -- Freight and logistics -- Ports and airports -- Safety -- Health and the environment. | |
| 520 | _aPresents an overview and analysis of trends in transport and travel in Great Britain over the past 25 years, and highlights some of the key issues. Is intended as a companion volume to Transport Statistics Great Britain, which contains reference tables of more detailed figures and some longer time trends. Includes a wide range of indicators and statistical analysis to illustrate longer-term trends and to help put key policy targets and trends into a broader context. | ||
| 590 | _aKA | ||
| 651 | 4 |
_aUnited Kingdom _y |
|
| 690 | _aPROPERTY-INFRASTRUCTURE-TRANSPORT INFRASTRUCTURE | ||
| 856 | 4 | 0 |
_uhttps://webarchive.nationalarchives.gov.uk/+/http://www.dft.gov.uk/pgr/statistics/datatablespublications/trends/current/transporttrends2006 _zView the report free of charge at www.dft.gov.uk... |
| 942 | _n0 | ||
| 999 |
_c106485 _d106485 |
||